Word scramble - Countries - Statistics

General Stats
  • This quiz has been taken 33 times
  • The average score is 14 of 15
Answer Stats
Scramble Country % Correct
ihacn China
100%
qira Iraq
100%
ifji Fiji
97%
ialm Mali
97%
paisn Spain
97%
bamiaz Zambia
97%
egerce Greece
94%
ylati Italy
94%
lenap Nepal
94%
lponad Poland
94%
ikatpnsa Pakistan
91%
ivlat Latvia
88%
vilaboi Bolivia
84%
emiocx Mexico
84%
usrias Russia
81%
No matching quizzes found
Score Distribution
Percent of People with Each Score
Percentile by Number Answered
Your Score History
You have not taken this quiz